Gaming Quiz

Random Gaming or Nintendo Quiz
Score 0/24 Timer 07:00
0 Plays Today
Description of box art Game % Correct
Nine different people playing five different sports: boxing, bowling, golf, tennis, and baseball.Wii Sports
82.6%
A small purple dragon on an island surrounded by fire with a bull and a castle in the background.Spyro the Dragon
77%
A frightened Italian man in green screaming at you with multiple ghosts behind him.Luigi's Mansion
76.2%
A puppet-looking fox in clothes looking diagonally up with three spaceships in space in the background.Star Fox
73.3%
Two Italian brothers racing invisible vehicles both with controllers in their handsMario Kart Wii
72.7%
A man holding a very long whip looking up at a castle in the distance as well as a faded vampire in the sky.Castlevania
71.1%
A Spartan with a gun in his hand looks back to the sun on the horizon of hills.Halo 3
65.8%
A close up of a god's eye with white and red skin surrounded the eye.God of War III
64%
Several block-like shapes that fall from the stars with the subtitle, 'FROM RUSSIA WITH FUN!'Tetris
63.2%
A dragon blowing fire on a turtle with cannons on its back in an arena.Pokémon Stadium
61.7%
A skeleton of a Tyrannosaurus Rex of a certain Michael Crichton novel with a tropical background.Jurassic Park
60.4%
A blonde young man with a clear sword standing in the ocean near the beach.Final Fantasy X
60.1%
Description of box art Game % Correct
An outline of a blue hedgehog and the shape of a red echidna.Sonic & Knuckles
59.9%
Four similarly looking elvish characters of the colors green, red, violet, and blue facing back-to-back in a circle toward a hoard of enemies surrounding them.The Legend of Zelda: Four Swords Adventures
54.9%
A friendly gray dolphin in the ocean.Ecco the Dolphin: Defender of the Future
53.7%
A close up of a man with white hair and a white moustache complete with a headband and eyepatch.Metal Gear Solid 4: Guns of the Patriots
53.3%
A man sprinting from the explosion of a radio telescope on the bottom of the box art, and the same man pointing a gun at you with a woman beside him at the top.GoldenEye 007
53.3%
A blue hedgehog pointing in two different directions with an ocean background.Sonic Adventure
46.8%
A young monkey and his girlfriend on a large pirate ship containing his locked-up uncle and several animal enemies.Donkey Kong Country 2: Diddy's Kong Quest
43.3%
A spiked hair boy looks down at his pond reflection of himself as a man.Fable
39.5%
Four people, all with guns; the center man with a soul patch goatee is leaning on his gun with two arms.Gears of War 3
34.7%
A white Ford GT with interior exposed with a completely white background.Gran Turismo 4
34%
A black and white cover art with two main character faces and in the background is a little girl by a house while it is snowing.Silent Hill
28.1%
A red Ferrari F50 on a wet downtown road.Project Gotham Racing
15.9%

You're not logged in!

Compare scores with friends on all Sporcle quizzes.
OR
Log In

Sporcle TV

Today on Sporcle TV


Watch our educational content, quiz creation guides, and fun videos on Sporcle TV.

Show Comments

Extras

Top Quizzes Today


Score Distribution

Paid Content

Your Account Isn't Verified!

In order to create a playlist on Sporcle, you need to verify the email address you used during registration. Go to your Sporcle Settings to finish the process.

Report this User

Report this user for behavior that violates our Community Guidelines.

Details: